000 00703nam a2200205Ii 4500
003 JO-AjNU
008 230605s9999||||xx |||||||||||||| ||und||
040 _aJO-AjNU
_bara
_erda
_cJO-AjNU
041 _aara
050 1 4 _aPC1111.N3248 2005
100 3 _aإعداد نادر، جمال,
_eauthor
_917174
245 0 0 _aتعلم اللغة الإيطالية وقواعدها بدون معلم
250 _aط1
264 3 1 _aعمان: دار الاسراء، 2005
300 _a93ص
_bيشتمل على جداول
336 _atext
_btxt
_2rdacontent
337 _aunmediated
_bn
_2rdamedia
338 _avolume
_bnc
_2rdacarrier
650 4 _aاللغة الإيطالية - تعلم وتعليم
_917175
999 _aA5249
_c8817
_d8817